| 000 | 00758nam a2200193 a 4500 | ||
|---|---|---|---|
| 001 | 000887535 | ||
| 003 | AM-YeHGA | ||
| 005 | 20250617145400.0 | ||
| 008 | 120426s1982 bw r 000 0 rus d | ||
| 040 | _aAM-YeHGA | ||
| 041 | 0 | _arus | |
| 100 | 1 | _aЕлистратов, Петр Савельевич | |
| 245 | 1 | 0 |
_aАвтоматизированный электропривод сельскохозяйственных машин / _cП. С. Елистратов. |
| 260 |
_aМинск : _bУраджай, _c1982. |
||
| 300 |
_a192 с. : _bил. |
||
| 504 | _aБиблиогр.: с. 190 | ||
| 653 | 0 | _aСельскохозяйственные машины и орудия - Электроприводы автоматические | |
| 090 | _c312502 | ||
| 999 |
_c310785 _d310785 |
||